El crac del 29

Saved in:
Bibliografiske detaljer
Hovedforfatter: Galbraith, John Kenneth (Author)
Format: Bog
Sprog:spansk
Udgivet: Barcelona Ariel 1987
Udgivelse:2a. ed
Serier:Ariel, 44
Fag:
Tags: Tilføj Tag
Ingen Tags, Vær først til at tagge denne postø!

MARC

LEADER 00000nam a2200000 a 4500
001 UCG2105
003 CL-VaPUC
005 20250103120622.0
008 100610e19871100SP |||||||||||||||||spa|d
999 |c 341342  |d 341340 
020 |a 8434410435 
040 |c Pontificia Universidad Católica de Valparaíso 
082 0 4 |a 973.91  |b GAL  |2 21 
100 |a Galbraith, John Kenneth  |e author  |9 591930 
245 1 3 |a El crac del 29 
250 |a 2a. ed 
260 |a Barcelona  |b Ariel  |c 1987 
300 |a 277 p 
490 0 |a Ariel, 44 
583 |a last modification  |c 20100610 00:00:00  |k Rodrigo Vera 
650 7 |a HISTORIA DE ESTADOS UNIDOS SIGLO 20  |2 CL-VaPUC  |9 340477 
650 7 |a CRISIS ECONOMICA Y FINANCIERA  |2 CL-VaPUC  |9 550417 
650 7 |a GRAN DEPRESION  |2 CL-VaPUC  |9 518262 
650 0 |a Años 30  |9 550418 
650 0 |a Bolsa de valores  |z Nueva York  |9 550419 
852 |a BIBCUR 
942 |c BK  |2 ddc 
945 |d 20100610 00:00:00  |a dcastane 
952 |0 0  |1 0  |4 0  |6 973_910000000000000_GAL_1987  |7 0  |8 P  |9 436747  |a BIBDER  |b BIBDER  |d 2019-11-22  |i 4684540  |o 973.91 GAL 1987  |p 4684540  |r 2023-01-25  |w 2019-11-22  |y BK  |k DER